Polish to English Capital Names - Statistics

General Stats
  • This quiz has been taken 63 times
  • The average score is 14 of 18
Answer Stats
Polish English % Correct
Paryż Paris
100%
Ateny Athens
95%
Rzym Rome
95%
Bruksela Brussels
92%
Jerozolima Jerusalem
86%
Dżakarta Jakarta
85%
Meksyk Mexico City
85%
Kair Cairo
83%
Kijów Kyiv
80%
Dżibuti Djibouti
78%
Nikozja Nicosia
78%
Wiedeń Vienna
76%
Wilno Vilnius
71%
Abudża Abuja
69%
Kapsztad Cape Town
64%
Erywań Yerevan
63%
Bandżul Banjul
54%
Ad-Dauha Doha
53%
No matching quizzes found
Score Distribution
Percent of People with Each Score
Percentile by Number Answered
Your Score History
You have not taken this quiz